| 000 -LEADER |
| fixed length control field |
00423nam a2200145 4500 |
| 008 - FIXED-LENGTH DATA ELEMENTS--GENERAL INFORMATION |
| fixed length control field |
200318b ||||| |||| 00| 0 eng d |
| 082 00 - DEWEY DECIMAL CLASSIFICATION NUMBER |
| Classification number |
614.84 |
| Item number |
R578 |
| 110 ## - MAIN ENTRY--CORPORATE NAME |
| 9 (RLIN) |
2519 |
| Corporate name or jurisdiction name as entry element |
R. I. N. A |
| 245 10 - TITLE STATEMENT |
| Title |
Prevention and control of fires in ships: a joint symposium held on 20th June / |
| 260 ## - PUBLICATION, DISTRIBUTION, ETC. (IMPRINT) |
| Place of publication, distribution, etc |
London |
| Name of publisher, distributor, etc |
IME |
| Date of publication, distribution, etc |
1972 |
| 300 ## - PHYSICAL DESCRIPTION |
| Extent |
65 p. |
| 650 #0 - SUBJECT ADDED ENTRY--TOPICAL TERM |
| Topical term or geographic name as entry element |
Fire prevention and protection |
| 700 ## - ADDED ENTRY--PERSONAL NAME |
| 9 (RLIN) |
2521 |
| Personal name |
I. M. E. |
| 942 ## - ADDED ENTRY ELEMENTS (KOHA) |
| Source of classification or shelving scheme |
|
| Item type |
Books |